| 000 | 00428nam a22001697a 4500 | ||
|---|---|---|---|
| 003 | CEME | ||
| 005 | 20210628205932.0 | ||
| 008 | 210204b xxu||||| |||| 00| 0 eng d | ||
| 040 | _c. | ||
| 082 | _a297.64 PAS | ||
| 100 |
_aPasha, Abdur Rahman Rafaat.Dr _977536 |
||
| 245 | _aZindgiyaan sahabah key | ||
| 260 |
_aLAHORE _bMUSHTAQ BOOK _c2003 |
||
| 300 | _a588P | ||
| 650 |
_aISLAM-BIOGRAPHY-SAHABAH _977537 |
||
| 942 |
_cBK _2ddc |
||
| 999 |
_c582801 _d582801 |
||